Music Quiz

Random Music Quiz
Score 0/99 Timer 10:00
0 Plays Today
Hint Lyric % Correct
a
100%
and
100%
and
100%
and
100%
and
100%
and
100%
and
100%
and
100%
and
100%
and
100%
I
94.1%
you're
94.1%
not
94.1%
liar
94.1%
I
94.1%
know
94.1%
you
94.1%
set
94.1%
fire
94.1%
I
94.1%
your
94.1%
your
94.1%
your
94.1%
I
94.1%
no
94.1%
I
94.1%
your
94.1%
you
94.1%
your
94.1%
know
94.1%
could
88.2%
me
82.4%
me
82.4%
Hint Lyric % Correct
down
82.4%
down
82.4%
me
82.4%
down
82.4%
me
82.4%
down
82.4%
me
82.4%
down
82.4%
down
82.4%
me
82.4%
down
82.4%
me
82.4%
down
82.4%
me
82.4%
down
82.4%
me
82.4%
Down
82.4%
Down
82.4%
this
76.5%
day
76.5%
away
76.5%
Go
70.6%
ahead
70.6%
make
70.6%
look
70.6%
Strike
70.6%
Go
70.6%
ahead
70.6%
show
70.6%
Rain
70.6%
Rain
70.6%
Rain
70.6%
Rain
70.6%
Hint Lyric % Correct
Rain
70.6%
Rain
70.6%
Rain
70.6%
Rain
70.6%
Rain
70.6%
am
64.7%
calling
64.7%
lightning
64.7%
from
64.7%
dark
64.7%
hiding
64.7%
place
64.7%
face
64.7%
am
64.7%
Why
64.7%
let
64.7%
us
64.7%
name
64.7%
destroy
58.8%
destroy
58.8%
mean
58.8%
disrespect
58.8%
simply
58.8%
very
58.8%
by
58.8%
ways
58.8%
wont
58.8%
use
58.8%
destroy
58.8%
destroy
58.8%
destroy
58.8%
destroy
58.8%
perplexed
52.9%
Remove Ads.
Support Sporcle.
Get the best of Sporcle when you Go Orange. This ad-free experience offers more features, more stats, and more fun while also helping to support Sporcle. Thank you for becoming a member.

You're not logged in!

Compare scores with friends on all Sporcle quizzes.
OR
Log In

Show Comments

Extras

Created Dec 17, 2018ReportNominate
Tags:Remember

Top Quizzes Today


Score Distribution

Your Account Isn't Verified!

In order to create a playlist on Sporcle, you need to verify the email address you used during registration. Go to your Sporcle Settings to finish the process.

Report this User

Report this user for behavior that violates our Community Guidelines.

Details: